Handbook of analytical chemistry.

Bibliographic Details
Main Author: Meites, Louis
Format: Book
Language:English
Published: New York : McGraw-Hill, [1963]
Edition:1st ed.
Series:McGraw-Hill handbooks
Subjects:

MARC

Tag First Indicator Second Indicator Subfields
LEADER 00000cam a22000001 4500
001 in00000132425
005 20210501063618.0
008 720107s1963 nyua b 00000 eng d
010 |a  61015915  
035 |a (OCoLC)00513159 
035 |9 AAP0821AM 
040 |a DLC  |c DLC  |d TXA  |d UtOrBLW 
049 |a TXAM  |c 1 [903749]  |c 2 [427670] 
050 0 0 |a QD71  |b .M37 
082 0 |a 543.082 
100 1 |a Meites, Louis. 
245 1 0 |a Handbook of analytical chemistry. 
250 |a 1st ed. 
264 1 |a New York :  |b McGraw-Hill,  |c [1963] 
300 |a 1 volume :  |b illustrations ;  |c 24 cm. 
336 |a text  |b txt  |2 rdacontent 
337 |a unmediated  |b n  |2 rdamedia 
338 |a volume  |b nc  |2 rdacarrier 
490 0 |a McGraw-Hill handbooks 
504 |a Includes bibliography. 
650 0 |a Analytical chemistry. 
999 |a MARS 
999 f f |s cb6dd324-e1bf-351a-91fd-50f2cd11ed83  |i d0855a9e-c1b3-3788-b7ac-f4a50c86d5bf  |t 0 
952 f f |p ric  |a Texas A&M University  |b Rellis Campus  |c Joint Library Facility  |s JLF  |d Remote Storage  |t 0  |e QD71 .M37  |h Library of Congress classification  |i unmediated -- volume  |m A14804675286 
998 f f |a QD71 .M37  |t 0  |l Remote Storage